North American Teams that Never won a Championship - Statistics

General Stats
  • This quiz has been taken 3,690 times
    941 since last reset
  • The average score is 25 of 37
Answer Stats
Appearance Answer % Correct
None Cleveland Browns
83%
None Jacksonville Jaguars
82%
None Detroit Lions
81%
1990-1993 Buffalo Bills
80%
2003, 2015 Carolina Panthers
79%
1981, 1988, 2021 Cincinnati Bengals
79%
2008 Arizona Cardinals
78%
None Houston Texans
78%
1969, 1973, 1974, 1976 Minnesota Vikings
78%
1998, 2016 Atlanta Falcons
75%
1994 San Diego / Los Angeles Chargers
75%
1997, 1998 Utah Jazz
75%
None Winnipeg Jets
75%
1995, 2009 Orlando Magic
74%
1999 Tennessee Titans
73%
2002, 2003 Brooklyn / New Jersey Nets
72%
None Charlotte Hornets
72%
None Minnesota Timberwolves
72%
None New Orleans Pelicans
72%
1976, 1993, 2021 Phoenix Suns
72%
2000, 2025 Indiana Pacers
70%
None Los Angeles Clippers
69%
None Memphis Grizzlies
69%
None Seattle Kraken
65%
None Seattle Mariners
63%
2008, 2020 Tampa Bay Rays
63%
1984, 1998 San Diego Padres
62%
1982, 1994, 2011 Vancouver Canucks
62%
2007 Colorado Rockies
60%
1982 Milwaukee Brewers
60%
2007 Ottawa Senators
60%
None Minnesota Wild
57%
2016 San Jose Sharks
56%
None Columbus Blue Jackets
55%
2017 Nashville Predators
54%
1975, 1999 Buffalo Sabres
53%
None Utah Mammoth
39%
No matching quizzes found
Score Distribution
Percent of People with Each Score
Percentile by Number Answered
Your Score History
You have not taken this quiz since the last reset